000
00215 a2200097 4500
001
34616
100
_a
Thomas, Robert M
245
_a
Advanced AutoCAD Release 12
260
_a
ND
_b
BPB
_c
1993
090
_c
22900
_d
22900
942
_a
NUST-CAE
_c
M
_c
14337
999
_c
269689
_d
269689